2023 NCAA Tournament Teams - Statistics

General Stats
  • This quiz has been taken 8,096 times
  • The average score is 39 of 68
Answer Stats
Seed Team % Correct
1 Alabama
88%
1 Kansas
88%
2 Texas
88%
5 Duke
86%
2 UCLA
85%
2 Arizona
82%
1 Purdue
82%
6 Kentucky
81%
7 Michigan State
78%
4 Virginia
77%
4 Tennessee
76%
3 Gonzaga
74%
1 Houston
74%
4 Connecticut
73%
5 Miami
73%
4 Indiana
72%
3 Kansas State
72%
8 Arkansas
71%
8 Iowa
71%
15 Princeton
69%
7 Texas A&M
68%
10 USC
67%
3 Baylor
65%
9 Illinois
65%
8 Maryland
65%
10 Penn State
65%
7 Missouri
64%
11 Arizona State
62%
6 Iowa State
62%
5 San Diego State
62%
16 Farleigh Dickinson
61%
2 Marquette
60%
9 West Virginia
60%
9 Auburn
59%
9 Florida Atlantic
59%
11 Pittsburgh
59%
11 NC State
57%
6 Creighton
56%
8 Memphis
55%
6 TCU
54%
10 Utah State
53%
3 Xavier
53%
7 Northwestern
50%
13 Furman
49%
11 Mississippi State
48%
5 Saint Mary's
48%
11 Nevada
47%
11 Providence
45%
15 Vermont
45%
10 Boise State
43%
13 Louisiana
42%
12 Drake
39%
12 Oral Roberts
39%
14 Montana State
38%
12 VCU
38%
12 Charleston
36%
13 Kent State
36%
16 Texas A&M – Corpus Christi
35%
13 Iona
35%
15 Colgate
32%
14 Grand Canyon
32%
16 Howard
32%
14 Kennesaw State
32%
14 UC Santa Barbara
32%
16 Texas Southern
27%
15 UNC Asheville
27%
16 Northern Kentucky
26%
16 Southeast Missouri State
19%
No matching quizzes found
Score Distribution
Percent of People with Each Score
Percentile by Number Answered
Your Score History
You have not taken this quiz